Globalización, riezgo y empleabilidad: algunas hipótesis /

Gespeichert in:
Bibliographische Detailangaben
1. Verfasser: Pérez Sáinz, Juan Pablo
Format: Text
Schlagworte:
Tags: Tag hinzufügen
Keine Tags, Fügen Sie den ersten Tag hinzu!

MARC

LEADER 00000 a a2200000 04500
001 10711
003
040
100 |a Pérez Sáinz, Juan Pablo  
245 |a Globalización, riezgo y empleabilidad:   |b algunas hipótesis /  |c Juan Pablo Pérez Sáinz 
650 |a MERCADO DE TRABAJO  
650 |a POLITICA DE EMPLEOS  
650 |a RIESGO  
650 |a MIGRACION LABORAL  
650 |a SECTOR INFORMAL  
773 |g número 184; páginas 68-85  
999 |c 32545  |d 32545